000 00657nam a22001817a 4500
008 170113b xxu||||| |||| 00| 0 eng d
020 _a9781439078532
050 _aQA76.3
_b.M67 2010
100 _a Morrison, Connie
245 _aComputer literacy basics :
_ba comprehensive guide to IC³ / |
_cConnie Morrison, Dolores Wells
250 _a3rd ed.
260 _aBoston, Mass. : |
_bCourse Technology/Cengage Learning,
_c2013
300 _av. (various pagings) :
_bcol. ill. ;
_c28 cm
500 _aIncludes index
650 _2Electronic data processing person
_vStudy guides
_xCertification
700 _aWells,Dolores
942 _2lcc
_cBK
999 _c47859
_d47859